Quick Pick: Tennessee's Borders Quiz Stats

 Plays Quiz Updated Jul 13, 2017

     
Support Sporcle.
Go Orange.
Score 0/8 Timer 01:00
0 Plays Today
% Correct
Kentucky
94.8%
North Carolina
84.4%
Alabama
82.1%
Georgia
81.9%
Mississippi
79.8%
Arkansas
79.1%
Virginia
72.9%
Missouri
68.9%

Today's Daily Dose

From the Vault

Thanksgiving Teddy Bears

by PrincessMartell

Holiday 2m
Sometimes you eat so much, it feels like your stuffing is coming out.
Remove Ads.
Support Sporcle.
Get the best of Sporcle when you Go Orange. This ad-free experience offers more features, more stats, and more fun while also helping to support Sporcle. Thank you for becoming a member.

Show Comments

Extras

Top Quizzes Today


Score Distribution

Your Account Isn't Verified!

In order to create a playlist on Sporcle, you need to verify the email address you used during registration. Go to your Sporcle Settings to finish the process.

Report this User

Report this user for behavior that violates our Community Guidelines.

Details: